|
|
|
|
| LEADER |
00000naa2a2200000 4500 |
| 001 |
239400 |
| 005 |
20251208094525.0 |
| 035 |
|
|
|a (RuTPU)RU\TPU\book\260619
|
| 035 |
|
|
|a RU\TPU\book\260159
|
| 090 |
|
|
|a 239400
|
| 100 |
|
|
|a 20130607d2012 k y0rusy50 ba
|
| 101 |
0 |
|
|a eng
|
| 102 |
|
|
|a RU
|
| 135 |
|
|
|a drcn ---uucaa
|
| 200 |
1 |
|
|a Geophysical signatures of bazhenov suite argillites as oil field production index of upper-jurassic oil-gas play
|f F. A. Burkov
|g scient.c direct. D. A. Terre
|
| 203 |
|
|
|a Text
|c electronic
|
| 215 |
|
|
|a 1 файл :606 Кб)
|
| 225 |
1 |
|
|a Geology, mining and petroleum engineering (English, German)
|
| 300 |
|
|
|a Заглавие с титульного листа
|
| 320 |
|
|
|a [Referen.: p. 790 (2 title)]
|
| 337 |
|
|
|a Adobe Reader
|
| 461 |
|
1 |
|0 (RuTPU)RU\TPU\book\252494
|t Проблемы геологии и освоения недр
|o труды XVI Международного симпозиума имени академика М. А. Усова студентов и молодых ученых, Томск, 2-7 апреля 2012 г.
|o в 2 т.
|f Национальный исследовательский Томский политехнический университет (ТПУ), Институт природных ресурсов (ИПР) ; Общество инженеров-нефтяников, Студенческий чаптер ; под ред. О. Г. Савичева
|d 2012
|
| 463 |
|
1 |
|0 (RuTPU)RU\TPU\book\252518
|t Т. 2
|v [С. 788-790]
|d 2012
|
| 610 |
1 |
|
|a труды учёных ТПУ
|
| 610 |
1 |
|
|a электронный ресурс
|
| 610 |
1 |
|
|a нефтяные месторождения
|
| 610 |
1 |
|
|a верхнеюрский нефтегазовый комплекс
|
| 610 |
1 |
|
|a нефть
|
| 700 |
|
1 |
|a Burkov
|b F. A.
|c geophysicist
|c Assistant of Tomsk Polytechnic University
|f 1990-
|g Fedor Andreevich
|3 (RuTPU)RU\TPU\pers\30923
|
| 702 |
|
1 |
|a Terre
|b D. A.
|c linguist
|c Associate Professor of Tomsk Polytechnic University, Candidate of philological science
|f 1980-
|g Dina Anatolievna
|4 727
|
| 801 |
|
1 |
|a RU
|b 63413507
|c 20130205
|
| 801 |
|
2 |
|a RU
|b 63413507
|c 20140227
|g RCR
|
| 856 |
4 |
|
|u http://www.lib.tpu.ru/fulltext/c/2012/C11/V2/375.pdf
|
| 942 |
|
|
|c CF
|